00475nam a22001577a 450000500170000001000150001702000270003203500140005903700130007308200160008610000130010224500980011526000150021327000640022830000250029220210924111122.0 aENG-129963 c1095.00a9789353887247 aEN-113495 bDBAD/PUB a305.2350954 aNirantar aRestless in the city:cby NirantarbConversations with young people in resettlement colonies/ bSagec2021 bNew DelhiaBI/1-1 Mohan Cooperative Industrial Areae110044 axx,177p.c25cm (hbk)